000 00750nam a2200229Ii 4500
003 JO-AjNU
008 230605s9999||||xx |||||||||||||| ||und||
017 _a2002/7442
020 _a977-01-7791-1
040 _aJO-AjNU
_bara
_erda
_cJO-AjNU
041 _aara
050 1 4 _aPJ7577.M8322 2002
100 3 _aعبد الرزاق، محمد محمود,
_eauthor
_940784
245 0 0 _aزمن القصة القصيرة
250 _aط1
264 3 1 _aالقاهرة:الهيئة المصرية العامة للكتاب،2002
300 _a410ص
336 _atext
_btxt
_2rdacontent
337 _aunmediated
_bn
_2rdamedia
338 _avolume
_bnc
_2rdacarrier
650 4 _a القصة العربية القصيرة - تاريخ ونقد
_940785
999 _aA17336
_c20904
_d20904